| 000 | 005150000a22001810004500 | ||
|---|---|---|---|
| 003 | MACL | ||
| 005 | 20160403112559.0 | ||
| 008 | 160403b xxu||||| |||| 00| 0 eng d | ||
| 040 |
_aMACL _cMACL |
||
| 041 | _aHindi | ||
| 082 | _a400 | ||
| 100 |
_aउपाध्याय मदन मोहन _950173 |
||
| 245 | _aपुरखौती | ||
| 260 |
_bदिवि पब्लिशर्स _c2000 _aनई दिल्ली |
||
| 350 | _a100 | ||
| 650 |
_aLanguage _950174 |
||
| 942 |
_cHIN _k400 _2ddc |
||
| 999 |
_c10515 _d10515 |
||